Small, Medium, Strong Trends in SME Performance and Business Condition

Na minha lista:
Detalhes bibliográficos
Formato: Livro
Idioma:inglês
Publicado em: Paris OECD 2017
Assuntos:
Tags: Adicionar Tag
Sem tags, seja o primeiro a adicionar uma tag!

MARC

LEADER 00000nam a2200000 4500
001 0241412
005 20221221134106.2
020 |a 978-92-64-27567-6 
041 0 |a eng 
044 |a FR 
245 1 0 |a Small, Medium, Strong  |b Trends in SME Performance and Business Condition 
264 1 |a Paris  |b OECD  |c 2017 
300 |a 118 s. 
610 2 0 |a podnikanie malé 
610 2 0 |a podnikanie stredné 
610 2 0 |a kríza 
610 2 0 |a globalizácia 
610 2 0 |a prostredie podnikateľské 
610 2 0 |a legislatíva 
610 2 0 |a dane 
610 2 0 |a konkurencia 
610 2 0 |a správa verejná 
610 2 0 |a trh 
610 2 0 |a obchod 
610 2 0 |a politika investičná 
610 2 0 |a infraštruktúra 
610 2 0 |a kapitál ľudský 
610 2 0 |a zručnosti 
610 2 0 |a vedomosti 
610 2 0 |a inovácia 
610 2 0 |a energia 
610 2 0 |a kultúra podnikania 
610 2 0 |a ukazovatele 
610 2 0 |a porovnanie štatistické medzinárodné